000 00639nam a2200253Ia 4500
005 20260121154042.0
008 008 260114s9999 xx 000 0 eng d
020 _a9781003281719
037 _aEBOOK
040 _aCRL
040 _beng
040 _cCRL
041 _2eng
041 _aeng
084 _qCRL
100 _a Carlos de Castro; Andr‚s Pedre¤o; Marta Latorre
_91002413
245 0 _aCOVID-19 and Social Change in Spain
260 _bTaylor and Francis
260 _c2023
856 _uhttp://www.taylorfrancis.com/books/9781003281719
942 _cEBOOK
999 _c1569234
_d1569234